000 00609nam a2200265 a 4500
003 AR-BaBNM
005 20251128203834.0
008 082120s2002 ||||||||||||||000 | spa||
040 _cAR-BaBNM
100 1 _aMañach, Jorge
245 0 0 _aMartí, el apóstol
250 _a4ª ed.
260 _aBuenos Aires
_bEspasa-Calpe
_c1952
300 _a259 p.
490 0 _aAustral
650 4 _aBIOGRAFIAS
650 4 _aENSAYO
650 4 _aHISTORIA MILITAR
650 4 _aPARTIDOS POLITICOS
651 4 _aCuba
653 _aLITERATURA CUBANA
655 _aLITERATURA
942 _cBK
998 _cisola
999 _c5121
_d5121